ბათუმის შოთა რუსთაველის სახელმწიფო უნივერსიტეტის ბიბლიოთეკა

ამიერკავკასიის პოლიტიკურ ერთეულთა ურთიერთობა IX-XI საუკუნეებში (ბიბ.ჩანაწერი № 34466)

000 -ლიდერი
ფიქსირებული სიგრძის საკონტროლო ველი 01378nam a2200265Ia 4500
001 - საკონტროლო ნომერი
საკონტროლო ველი 215
003 - საკონტროლო ნომრის იდენტიფიკატორი
საკონტროლო ველი GE_BSU
005 - ბოლო ოპერაციის თარიღი და დრო
საკონტროლო ველი 20211004120136.0
008 - ფიქსირებული სიგრძის მონაცემთა ელემენტები - ზოგადი ინფორმაცია
ფიქსირებული სიგრძის საკონტროლო ველი 181216s||||||||ge |||||||||||||| ||geo||
040 ## - კატალოგიზაციის წყარო
Transcribing agency GE_BSU
041 ## - ენის კოდი
Language code of text/sound track or separate title geo
080 ## - უნივერსალური ათობითი კლასიფიკაციის ინდექსი
Universal Decimal Classification number 94(479.9) ა-14
100 ## - მთავარი ჩანაწერი - პიროვნების სახელი
Personal name აბდალაძე, ალესანდრე
9 (RLIN) 12577
245 ## - ცნობა სათაურის შესახებ
Title ამიერკავკასიის პოლიტიკურ ერთეულთა ურთიერთობა IX-XI საუკუნეებში
Statement of responsibility, etc ალესანდრე, აბდალაძე; [რედ.: გ. პაიჭაძე] ; საქ. სსრ მეცნ. აკად., ისტორიის, არქეოლ. და ეთნოგრ. ინ-ტი.
264 ## - წარმოების, გამოცემის, დისტრიბუციის და სხვა ცნობები
გამოცემის, წარმოების, დისტრიბუციის... ადგილი თბ. :
გამოცემის, წარმოების, დისტრიბუციის... სახელწოდება მეცნიერება
გამოცემის, წარმოების, დისტრიბუციის... თარიღი 1998.
300 ## - ფიზიკური აღწერა
Extent 294 გვ.
Other physical details 21 სმ.
500 ## - ზოგადი შენიშვნა
General note საძიებელი: გვ. 232-293.
520 ## - SUMMARY, ETC.
Summary, etc რეზ. რუს.
653 ## - INDEX TERM--UNCONTROLLED
Uncontrolled term ამიერკავკასიის ისტორია, IX-XI ს.ს.
653 ## - INDEX TERM--UNCONTROLLED
Uncontrolled term ისტორია
700 ## - ADDED ENTRY--PERSONAL NAME
Personal name პაიჭაძე, გ.
Relator term რედაქტორი
9 (RLIN) 1628
710 ## - ADDED ENTRY--CORPORATE NAME
Corporate name or jurisdiction name as entry element საქ. სსრ მეცნ. აკად., ისტორიის, არქეოლ. და ეთნოგრ. ინ-ტი.
9 (RLIN) 12578
942 ## - ADDED ENTRY ELEMENTS (KOHA)
Koha item type წიგნი
Source of classification or shelving scheme
ეგზემპლარები
ჩამოწერის სტატუსი დაკარგული ეგზემპლარის სტატუსი კლასიფიკაციის წყარო ან თაროზე გაწყობის სქემა დაზიანების სტატუსი არ გაიცემა მუდმივი მდებარეობა (დაცვის ადგილი) ამჟამინდელი ადგილსამყოფელი თაროზე განთავსების ადგილი შეძენის თარიღი ღირებულება, შესყიდვის ნორმალური ფასი სრული შენახვის შიფრი შტრიხკოდი ბოლო ოპერაციის თარიღი ეგზემპლარის მიმდევრობითი ნომერი (კეტერი?) ფასის ძალაში შესვლის თარიღი ეგზემპლარის სახეობა საჯარო შენიშვნა
          ბათუმის შოთა რუსთაველის სახელმწიფო უნივერსიტეტის მთავარი ბიბლიოთეკა ბათუმის შოთა რუსთაველის სახელმწიფო უნივერსიტეტის მთავარი ბიბლიოთეკა წიგნსაცავი 2018-12-17 12.00 94(479.9) ა-14 1517 2018-12-17 1517 2018-12-17 წიგნი 12 ლ.